000 00334nam a2200097Ia 4500
008 220120s9999||||xx |||||||||||||| ||und||
100 _aShreeprasad, nived, abhishek, jithin r
_912760
245 0 _aDesign and fabrication of portable wheel trencher
260 _aCoorg Institute of Technology
_bPonnampet
_c2019
650 _aCOMPUTER SCIENCE
999 _c138360
_d138360